000 00448nam a2200169Ia 4500
005 20250508160808.0
008 008 250505s9999 xx 000 0 eng d
037 _aTextual
040 _aFEDL
_beng
_cFEDL
041 _aeng
_2eng
084 _a370.193, COS
_qFEDL
100 _aCosin B.R.
_9769390
245 0 _aEducation : Structure and society
300 _a303p.
942 _cTEXL
_h370.193, COS
999 _c1366680
_d1366680